000 00808nam a2200217Ia 4500
005 20240530105118.0
008 140319s1991 xx 000 0 ara d
040 _aGCL /
_cGCL
082 0 4 _a350 /
_bح ا
100 0 _aحليم المنيرى
245 1 0 _aالادارة فى الميدان الرياضى /
_cتاليف حليم المنيرى ، عصام بدوى
260 _aالقاهرة :
_bالمكتبة الاكاديمية ،
_c1991
300 _aمتعدد ؛
_b24 سم
500 _aالجزء الاول - الجزء الثانى
650 0 4 _aالتكنولوجيا
650 0 4 _aالرياضة البدنية
650 0 4 _aالادارة العامة
700 1 _aعصام بدوى
_eمؤلف مشارك
942 _2ddc
_cBK
999 _c53246
_d53246